|
|
|
|
| LEADER |
00000nam0a2200000 4500 |
| 001 |
253894 |
| 005 |
20231101232903.0 |
| 010 |
|
|
|a 5255002445
|
| 020 |
|
|
|a RU
|b 89-58632
|
| 035 |
|
|
|a (RuTPU)RU\TPU\book\276313
|
| 090 |
|
|
|a 253894
|
| 100 |
|
|
|a 20140318d1989 k a0rusy5003 ca
|
| 101 |
0 |
|
|a rus
|
| 102 |
|
|
|a RU
|
| 105 |
|
|
|a a z 001zy
|
| 200 |
1 |
|
|a Интенсификация инженерного творчества
|e потребности, методы, формы организации
|f Г. С. Пигоров, Ю. Н. Таран, Б. П. Бельгольский
|
| 210 |
|
|
|a Москва
|c Профиздат
|d 1989
|
| 215 |
|
|
|a 192 с.
|c ил.
|
| 320 |
|
|
|a Библиогр.: с. 188-190 (56 назв.)
|
| 606 |
1 |
|
|a Техническое творчество
|2 stltpush
|3 (RuTPU)RU\TPU\subj\60138
|9 77627
|
| 610 |
1 |
|
|a интенсификация
|
| 610 |
1 |
|
|a потребности
|
| 610 |
1 |
|
|a методы
|
| 610 |
1 |
|
|a организация
|
| 610 |
1 |
|
|a активация
|
| 610 |
1 |
|
|a творческий поиск
|
| 610 |
1 |
|
|a интенсификация
|
| 610 |
1 |
|
|a управление
|
| 675 |
|
|
|a 62:001.894
|z rus
|
| 700 |
|
1 |
|a Пигоров
|b Г. С.
|g Георгий Семенович
|
| 701 |
|
1 |
|a Таран
|b Ю. Н.
|g Юрий Николаевич
|
| 701 |
|
1 |
|a Бельгольский
|b Б. П.
|g Борис Петрович
|
| 801 |
|
0 |
|a RU
|b RuMRKP
|c 19950417
|g psbo
|
| 801 |
|
1 |
|a RU
|b 63413507
|c 20140318
|
| 801 |
|
2 |
|a RU
|b 63413507
|c 20220803
|g RCR
|
| 942 |
|
|
|c BK
|